Normal view
MARC view
- محاكم النقض والإبرام -- الأردن -- المحاكم -- الأردن -- المحاكمات -- الأردن
Entry Topical Term
001 - CONTROL NUMBER
- control field: 30305
003 - CONTROL NUMBER IDENTIFIER
- control field: JO-AjAnu
005 - DATE AND TIME OF LATEST TRANSACTION
- control field: 20230606075120.0
008 - FIXED-LENGTH DATA ELEMENTS
- fixed length control field: 230606|| aca||aabn | a|a d
040 ## - CATALOGING SOURCE
- Original cataloging agency: JO-AjAnu
- Transcribing agency: JO-AjAnu
150 ## - HEADING--TOPICAL TERM
- Topical term or geographic name entry element: محاكم النقض والإبرام -- الأردن -- المحاكم -- الأردن -- المحاكمات -- الأردن
670 ## - SOURCE DATA FOUND
- Source citation: Work cat.: (JO-AjAnu)15565: مدغمش ، جمال , author 30304, مجموعة الاجتهاد القضائي : أحكام التأمين